000 01104nam a22002535i 4500
001 176996
003 ES-MaACL
005 20230906220229.0
008 110223m19621963sz |||| | spa d
080 _a274(8)
100 1 _aDamboriena, Prudencio.
_9140134
245 1 3 _aEl protestantismo en América Latina /
_cpor Prudencio Damboriena ; y con la colaboración técnica de Enrique Dussel.
260 _aFriburgo :
_bOficina Internacional de Investigaciones Sociales de Feres,
_c[1962-1963]
300 _a2 v. ;
_c22 cm.
490 1 _aEstudios socio-religiosos latino-americanos ;
_v13 I-II
504 _aBibliografía.
505 0 _a1. Etapas y métodos del protestantismo latino-americano- 2. La situación del protestantismo en los países latino-americanos
650 4 _aProtestantismo-
_zAmérica Latina.
_9145339
700 1 _aDussel, Enrique.
_946349
710 2 _aOficina Internacional de Investigaciones Sociales.
_9172476
830 1 _aEstudios socio-religiosos latino-americanos ;
_v13 I-II
_9183494
852 _aES-MaACL
_jE-14411-12
_xOlim P-1014-bis
999 _c176996
_d176996